000 00352nam a2200157Ia 4500
008 230711s9999||||xx |||||||||||||| ||und||
041 _aENG
082 _a5
_bCO-F
100 _aCounihan M
245 0 _aFortran 90
250 _a1st
260 _c1991
_aNew Delhi
_bPitman Publication
300 _a309
650 _aComputer Engineering
942 _cBK
999 _c1658
_d1658